000 00461nam a2200145 4500
999 _c10981
_d10981
008 181002b ||||| |||| 00| 0 eng d
022 _a2094-8042
082 _aDPer 370.105 M72 Jan-Dec 2011 v59-60
100 _931895
_aDoctor, Mario E. Jr.
245 _aAng aklat/
_cMario E. Doctor, Jr.
260 _aPhilippines:
_bIn the Grade School, Inc.,
_cc2011.
300 _av60 n6, page 259:
_billustrations;
_c27cm.
650 0 _931896
_aPoetry.
942 _2ddc
_cPER